00476 2200205 4500001002100000008004100021035002000062245003900082100001500121250000600136260003300142300001100175084001400186082000800200650001400208990001200222990001200234990001200246990001200258INLIS000000000000532 ind  a0010-0424000508 aBusana Tenun NusantaracI. Latifah aI. Latifah a1 aKlaten :bIntan Sejatic2012 a75 hlm a600 LAT b a600 aNon Fiksi a0722156 a0722157 a0722158 a0722159